<?xml version="1.0" encoding="UTF-8"?>
<record
    xmlns:xsi="http://www.w3.org/2001/XMLSchema-instance"
    xsi:schemaLocation="http://www.loc.gov/MARC21/slim http://www.loc.gov/standards/marcxml/schema/MARC21slim.xsd"
    xmlns="http://www.loc.gov/MARC21/slim">

  <leader>04229cam a22003495i 4500</leader>
  <datafield tag="999" ind1=" " ind2=" ">
    <subfield code="c">27658</subfield>
    <subfield code="d">27629</subfield>
  </datafield>
  <controlfield tag="001">19495035</controlfield>
  <controlfield tag="003">EG-ScBUE</controlfield>
  <controlfield tag="005">20190929144551.0</controlfield>
  <controlfield tag="008">170210t2017    nyu    f b    001 0 eng d</controlfield>
  <datafield tag="020" ind1=" " ind2=" ">
    <subfield code="a">9780190649203</subfield>
  </datafield>
  <datafield tag="040" ind1=" " ind2=" ">
    <subfield code="a">DGU/DLC</subfield>
    <subfield code="b">eng</subfield>
    <subfield code="e">rda</subfield>
    <subfield code="c">DGU</subfield>
    <subfield code="d">DLC</subfield>
    <subfield code="d">EG-ScBUE</subfield>
  </datafield>
  <datafield tag="043" ind1=" " ind2=" ">
    <subfield code="a">aw-----</subfield>
    <subfield code="a">f------</subfield>
    <subfield code="a">a------</subfield>
  </datafield>
  <datafield tag="082" ind1="0" ind2="4">
    <subfield code="a">320.557</subfield>
    <subfield code="b">RET</subfield>
    <subfield code="2">22</subfield>
  </datafield>
  <datafield tag="245" ind1="0" ind2="0">
    <subfield code="a">Rethinking political Islam /</subfield>
    <subfield code="c">edited by Shadi Hamid, William McCants.</subfield>
  </datafield>
  <datafield tag="264" ind1=" " ind2="1">
    <subfield code="a">New York, NY, United States of America ;</subfield>
    <subfield code="a">Oxford :</subfield>
    <subfield code="b">Oxford University Press,</subfield>
    <subfield code="c">[2017]</subfield>
  </datafield>
  <datafield tag="264" ind1=" " ind2="4">
    <subfield code="c">c2017</subfield>
  </datafield>
  <datafield tag="300" ind1=" " ind2=" ">
    <subfield code="a">xviii, 377 pages ;</subfield>
    <subfield code="c">25 cm</subfield>
  </datafield>
  <datafield tag="336" ind1=" " ind2=" ">
    <subfield code="a">text</subfield>
    <subfield code="b">txt</subfield>
    <subfield code="2">rdacontent</subfield>
  </datafield>
  <datafield tag="337" ind1=" " ind2=" ">
    <subfield code="a">unmediated</subfield>
    <subfield code="b">n</subfield>
    <subfield code="2">rdamedia</subfield>
  </datafield>
  <datafield tag="338" ind1=" " ind2=" ">
    <subfield code="a">volume</subfield>
    <subfield code="b">nc</subfield>
    <subfield code="2">rdacarrier</subfield>
  </datafield>
  <datafield tag="504" ind1=" " ind2=" ">
    <subfield code="a">Includes bibliographical references and index.</subfield>
  </datafield>
  <datafield tag="505" ind1="0" ind2=" ">
    <subfield code="a">Introduction: Shadi and William -- Egypt / by Steven Brooke --
Tunisia / by Monia Marks -- Morocco / by Avi Max Spiegel -- Syria / by Rapha&#xEB;l Lef&#xE8;vre -- Yemen / by Stacey Philbrick Yadav -- Libya / by Omar Ashour -- Saudi Arabia / by Toby Matthiesen -- Kuwait / by Courtney Freer -- Jordan / by David Siddhartha Patel -- Pakistan / by Matthew Nelson -- Southeast Asia / by Joseph Chinyong Liow -- Islamism and U.S. foreign policy / Peter Mandaville -- Politics or piety? Why the Muslim brotherhood engages in social service provision / Amr Darrag, Freedom and Justice party leader, in conversation with Steven Brooke -- Ennahda from within: Islamists or "Muslim Democrats"? / Sayida Ounissi, Ennahda member of the Tunisian Parliament, in conversation with Monica Marks --
Is the crackdown on the muslim brotherhood pushing the group toward violence? Ammar Fayed, Muslim Brotherhood -The Islamist experience in Pakistan / Asif Luqman Qazi, Jamaat-e-Islami # More than the Muslim brotherhood: the problem of Hamas and Jordan's Islamic Movement # Nael al-Masalba, of the Jordnaian Muslim Brotherhood in conversation with Shadi Hamid # How much do organizational structures matter? / Jacob Olidort in conversation with Rapha&#xEB;l Lef&#xE8;vre --
How "religious" are ISIS fighters? The relationship between religious Literacy and the Religious movement "The relationship between religious literacy and religious motivation" / by Andrew Lebovich -- "Does islamism have an intellectual deficit?" / by Ovamir Anjum.</subfield>
  </datafield>
  <datafield tag="520" ind1=" " ind2=" ">
    <subfield code="a">The "twin shocks" of the Egyptian coup and the rise of ISIS have challenged conventional wisdom on political Islam, forcing scholars and Muslim activists to reconsider some of the basic assumptions about Sunni Islamist movements. While ISIS and other jihadist groups garner the most media attention, the vast majority of Islamists are of the mainstream variety, seeking gradual change and participating in parliamentary politics when they're allowed to. It is these groups that are the focus of this book. They not only represent the future of what we call "political Islam," but they also - in their own struggles adapting to the changes of recent years - provide a fascinating window into a rapidly changing Middle East. The breadth of the book is expansive, covering the experience of Islamist groups in twelve countries: Egypt, Tunisia, Morocco, Syria, Yemen, Libya, Saudi Arabia, Kuwait, Jordan, and Pakistan, as well as Malaysia and Indonesia. In each of these cases, contributors consider how Muslim Brotherhood and Brotherhood-inspired Islamist movements have grappled with fundamental questions, including gradual versus revolutionary approaches to change, the use of tactical or situational violence, attitudes toward the nation-state, and how ideology and political variables interact. The case studies include authoritarian and democratic states and are not solely focused on the Arab world, allowing readers to consider a greater diversity of Islamist experiences.</subfield>
  </datafield>
  <datafield tag="610" ind1="2" ind2="7">
    <subfield code="a">Ikhw&#x101;n al-Muslim&#x16B;n.</subfield>
    <subfield code="2">BUEsh</subfield>
  </datafield>
  <datafield tag="650" ind1=" " ind2="7">
    <subfield code="a">Islam and politics</subfield>
    <subfield code="z">Middle East.</subfield>
    <subfield code="2">BUEsh</subfield>
    <subfield code="9">11983</subfield>
  </datafield>
  <datafield tag="651" ind1=" " ind2="7">
    <subfield code="a">Middle East</subfield>
    <subfield code="x">Politics and government</subfield>
    <subfield code="y">21st century.</subfield>
    <subfield code="2">BUEsh</subfield>
  </datafield>
  <datafield tag="651" ind1=" " ind2="7">
    <subfield code="a">Islamic countries</subfield>
    <subfield code="x">Politics and government</subfield>
    <subfield code="y">21st century.</subfield>
    <subfield code="2">BUEsh</subfield>
  </datafield>
  <datafield tag="653" ind1=" " ind2=" ">
    <subfield code="b">MASPPSS</subfield>
    <subfield code="c">September2019</subfield>
  </datafield>
  <datafield tag="700" ind1="1" ind2=" ">
    <subfield code="a">Hamid, Shadi,</subfield>
    <subfield code="d">1983-</subfield>
    <subfield code="e">editor.</subfield>
  </datafield>
  <datafield tag="700" ind1="1" ind2=" ">
    <subfield code="a">McCants, William F.</subfield>
    <subfield code="q">(William Faizi),</subfield>
    <subfield code="d">1975-</subfield>
    <subfield code="e">editor.</subfield>
  </datafield>
  <datafield tag="942" ind1=" " ind2=" ">
    <subfield code="2">ddc</subfield>
    <subfield code="c">BB</subfield>
  </datafield>
  <datafield tag="952" ind1=" " ind2=" ">
    <subfield code="0">0</subfield>
    <subfield code="1">0</subfield>
    <subfield code="2">ddc</subfield>
    <subfield code="4">0</subfield>
    <subfield code="7">0</subfield>
    <subfield code="8">Baccah</subfield>
    <subfield code="a">MAIN</subfield>
    <subfield code="b">MAIN</subfield>
    <subfield code="c">1ST</subfield>
    <subfield code="d">2019-09-29</subfield>
    <subfield code="e">Purchase</subfield>
    <subfield code="g">380.00</subfield>
    <subfield code="l">2</subfield>
    <subfield code="m">32</subfield>
    <subfield code="o">320.557 RET</subfield>
    <subfield code="p">000048085</subfield>
    <subfield code="r">2025-07-15 00:00:00</subfield>
    <subfield code="s">2021-11-30</subfield>
    <subfield code="v">475.00</subfield>
    <subfield code="w">2019-09-29</subfield>
    <subfield code="y">BB</subfield>
  </datafield>
</record>
